Desarrollo de proyectos de FTTH en Costa Rica

Guardat en:
Dades bibliogràfiques
Autor principal: Ramos Ulate, Daniel, 1989-
Altres autors: Cascante Vindas, Jaime, 1978- Director de Proyecto Eléctrico
Format: Llibre
Idioma:Spanish
Publicat: [San José, Costa Rica], 2012
Matèries:
Etiquetes: Afegir etiqueta
Sense etiquetes, Sigues el primer a etiquetar aquest registre!

MARC

LEADER 00000nam a22000007a 4500
003 011730
005 20230622135056.0
008 151001b2012 cr a|||| |||| 00| 0 spa d
040 |c cru CEDI  
100 |9 527  |a Ramos Ulate, Daniel, 1989- 
245 |a  Desarrollo de proyectos de FTTH en Costa Rica  
260 |a [San José, Costa Rica],   |c 2012 
500 |a Proyecto de graduación (bachillerato en ingeniería eléctrica)--Universidad de Costa Rica. Facultad de Ingeniería. Escuela de Ingeniería Eléctrica 
501 |a Profesor Guía de IE-0502 Proyecto Eléctrico: Dr. Jaime Cascante Vindas 
650 |x FIBRA OPTICA   |x COMUNICACIONES OPTICAS   |x REDES DE TELECOMUNICACIONES   |9 1253 
700 |9 732  |a  Cascante Vindas, Jaime, 1978-  |d Director de Proyecto Eléctrico  
942 |c CEDI  |h TFG 6900  |6 TFG_6900_000000000000000 
999 |c 14045  |d 14045